Designing for human behavior: architecture and the behavioral sciences. (Record no. 549190)

000 -LEADER
fixed length control field 00718pam a2200229 4500
020 ## - INTERNATIONAL STANDARD BOOK NUMBER
International Standard Book Number 0879330546
082 ## - DEWEY DECIMAL CLASSIFICATION NUMBER
Classification number 720.19
Author Mark LAN
100 ## - MAIN ENTRY--PERSONAL NAME
Personal name Lang, Jon
9 (RLIN) 45732
245 00 - TITLE STATEMENT
Title Designing for human behavior: architecture and the behavioral sciences.
260 ## - PUBLICATION, DISTRIBUTION, ETC.
Place of publication, distribution, etc. Stroudsburg, Pa.,
Name of publisher, distributor, etc. Dowden, Hutchinson & Ross
Date of publication, distribution, etc. [1974]
300 ## - PHYSICAL DESCRIPTION
Extent xiii, 353 p.
Other physical details illus.
Dimensions 25 cm.
490 0# - SERIES STATEMENT
Series statement Community development series
526 ## - STUDY PROGRAM INFORMATION NOTE
Program name 0
Interest level 0
Reading level 0
Title point value 720_190000000000000_LAN
650 #0 - SUBJECT ADDED ENTRY--TOPICAL TERM
Topical term or geographic name entry element Architectural design.
9 (RLIN) 31720
650 #0 - SUBJECT ADDED ENTRY--TOPICAL TERM
Topical term or geographic name entry element Architecture
General subdivision Psychological aspects.
650 #2 - SUBJECT ADDED ENTRY--TOPICAL TERM
Topical term or geographic name entry element Architecture.
650 #2 - SUBJECT ADDED ENTRY--TOPICAL TERM
Topical term or geographic name entry element Behavior.
9 (RLIN) 45733
650 #2 - SUBJECT ADDED ENTRY--TOPICAL TERM
Topical term or geographic name entry element Environment.
9 (RLIN) 45734
650 #2 - SUBJECT ADDED ENTRY--TOPICAL TERM
Topical term or geographic name entry element MCE
9 (RLIN) 379
700 1# - ADDED ENTRY--PERSONAL NAME
Personal name Lang, Jon T.,
942 ## - ADDED ENTRY ELEMENTS (KOHA)
Source of classification or shelving scheme
Koha item type Book
Holdings
Withdrawn status Lost status Source of classification or shelving scheme Damaged status Not for loan Permanent Location Current Location Date acquired Total Checkouts Full call number Barcode Date last seen Price effective from Koha item type
          Military College of Engineering (MCE) Military College of Engineering (MCE) 09/18/2014   720.19 LAN MCE-42643 09/18/2014 09/18/2014 Book
© 2023 Central Library, National University of Sciences and Technology. All Rights Reserved.